Catalog

Record Details

Catalog Search



Spolupráce mateřské školy se školským poradenským zařízením  Cover Image Book Book

Spolupráce mateřské školy se školským poradenským zařízením / Marie Najmonová, Martina Lietavcová, Miluše Vítečková

Available copies

  • 1 of 1 copy available at Common Catalog SPOK.

Holds

  • 0 current holds with 1 total copy.
Show Only Available Copies
Location Call Number / Copy Notes Barcode Shelving Location Status Due Date
Jabok Library Ped-4.3 424480045384 Odborná literatura Available -

LDR 02449cam a2200625 i 4500
00156820
003CZ-PrJAB
00520231114114044.0
007ta
008230831s2023 xr f 000 0 cze d
015 . ‡acnb003550131
020 . ‡a978-80-88429-75-3 ‡q(brožováno)
035 . ‡a(CZ PrNK)nkc20233550131
040 . ‡aULG001 ‡bcze ‡dBOA001 ‡erda
072 7. ‡a376 ‡xVýchova a vzdělávání zvláštních skupin osob ‡2Konspekt ‡922
080 . ‡a373.24 ‡2MRF
080 . ‡a376.04 ‡2MRF
080 . ‡a316.344.6-056.26/.3-053.2 ‡2MRF
080 . ‡a316.346.32-053.2-058.5 ‡2MRF
080 . ‡a316.346.32-053.2(=1/=9) ‡2MRF
080 . ‡a37.048:364-52 ‡2MRF
080 . ‡a376.1 ‡2MRF
080 . ‡a(048.8:082) ‡2MRF
080 . ‡a(078.7) ‡2MRF
1001 . ‡aNajmonová, Marie, ‡d1975- ‡7xx0244196 ‡4aut
24510. ‡aSpolupráce mateřské školy se školským poradenským zařízením / ‡cMarie Najmonová, Martina Lietavcová, Miluše Vítečková
250 . ‡aVydání první
264 1. ‡aV Praze : ‡bPasparta, ‡c2023
300 . ‡a94 stran ; ‡c21 cm
336 . ‡atext ‡btxt ‡2rdacontent
337 . ‡abez média ‡bn ‡2rdamedia
338 . ‡asvazek ‡bnc ‡2rdacarrier
504 . ‡aObsahuje bibliografii a bibliografické odkazy
65007. ‡amateřské školy ‡7ph122683 ‡2czenas
65007. ‡aspeciální vzdělávací potřeby ‡7ph754025 ‡2czenas
65007. ‡aděti se zdravotním postižením ‡7ph116745 ‡2czenas
65007. ‡aděti se sociálním znevýhodněním ‡7ph891704 ‡2czenas
65007. ‡aděti s odlišným mateřským jazykem ‡7ph1190972 ‡2czenas
65007. ‡apedagogicko-psychologické poradny ‡7ph182928 ‡2czenas
65007. ‡aspeciálněpedagogická centra ‡7ph125889 ‡2czenas
65009. ‡akindergartens ‡2eczenas
65009. ‡aspecial educational needs ‡2eczenas
65009. ‡achildren with disabilities ‡2eczenas
65009. ‡achildren with social disadvantage ‡2eczenas
65009. ‡achildren with a different native language ‡2eczenas
65009. ‡aassessment centers (education) ‡2eczenas
65009. ‡aspecial education centers ‡2eczenas
655 7. ‡akolektivní monografie ‡7fd501537 ‡2czenas
655 7. ‡apřípadové studie ‡7fd133208 ‡2czenas
655 9. ‡acollective monographs ‡2eczenas
655 9. ‡acase studies ‡2eczenas
7001 . ‡aLietavcová, Martina ‡7mzk2015876283 ‡4aut
7001 . ‡aVítečková, Miluše, ‡d1975- ‡7xx0010719 ‡4aut
910 . ‡aABG312
995 . ‡aska
901 . ‡a56820 ‡bAUTOGEN ‡c56820 ‡tbiblio

Additional Resources